Actas del Congreso Internacional Conmemorativo del Centenario de Juan Ramón Jiménez organizado por la excma. Diputación Provincial de Huelva y la Universidad de Sevilla. (Record no. 46654)

MARC details
000 -LEADER
campo de control de longitud fija 00758nam a2200181 i 4500
001 - NÚMERO DE CONTROL
campo de control 46654
003 - IDENTIFICADOR DE NÚMERO DE CONTROL
campo de control ES-MaACL
005 - FECHA Y HORA DE LA ÚLTIMA TRANSACCIÓN
campo de control 20231129150407.0
007 - CAMPO FIJO DE DESCRIPCIÓN FÍSICA--INFORMACIÓN GENERAL
campo de control de longitud fija t|
008 - DATOS DE LONGITUD FIJA--INFORMACIÓN GENERAL
campo de control de longitud fija 030331s1983 sp ||||1| spa d
111 2# - ENTRADA PRINCIPAL--NOMBRE DE CONGRESO/REUNIÓN
Nombre de congreso/reunión o jurisdicción como elemento de entrada Congreso Internacional Conmemorativo del Centenario de Juan Ramón Jiménez (
Fecha del congreso o de la firma del tratado 1981.
Sede del congreso/Lugar de la reunión La Rábida)
9 (RLIN) 403
245 10 - MENCIÓN DEL TÍTULO
Título Actas del Congreso Internacional Conmemorativo del Centenario de Juan Ramón Jiménez organizado por la excma. Diputación Provincial de Huelva y la Universidad de Sevilla.
260 ## - PUBLICACIÓN, DISTRIBUCIÓN, ETC.
Lugar de publicación, distribución, etc. Huelva :
Nombre del editor, distribuidor, etc. Instituto de Estudios Onubenses,
Fecha de publicación, distribución, etc. 1983.
300 ## - DESCRIPCIÓN FÍSICA
Extensión 2 v. ;
Dimensiones 24 cm.
600 14 - PUNTO DE ACCESO ADICIONAL DE MATERIA--NOMBRE DE PERSONA
Nombre de persona Jiménez, Juan Ramón,
Fechas asociadas al nombre 1881-1958-
Subdivisión de forma Congresos y asambleas
9 (RLIN) 66421
852 ## - LOCALIZACIÓN
Ubicación ES-MaACL
Número de control de estantería L-5653-4
Sublocalización o colección R.105718
Holdings
Estatus retirado Estado de pérdida Estado de daño No para préstamo Biblioteca de origen Biblioteca actual Ubicación en estantería Fecha de adquisición Fuente de adquisición Total de préstamos Signatura topográfica completa Código de barras Visto por última vez Precio de reemplazo Tipo de ítem Koha
        Biblioteca del Ateneo de Madrid Biblioteca del Ateneo de Madrid Depósito 2 17/01/2008     L-5653-4 1049070 23/02/2023 23/02/2023 Libro impreso